| 000 -LEADER |
| fixed length control field |
01600pam a2200361 a 4500 |
| 001 - CONTROL NUMBER |
| control field |
670424 |
| 005 - DATE AND TIME OF LATEST TRANSACTION |
| control field |
20170124085123.0 |
| 008 - FIXED-LENGTH DATA ELEMENTS--GENERAL INFORMATION |
| fixed length control field |
950315s1995 njua b 001 0 eng |
| 010 ## - LIBRARY OF CONGRESS CONTROL NUMBER |
| LC control number |
95010548 |
| 020 ## - INTERNATIONAL STANDARD BOOK NUMBER |
| International Standard Book Number |
069104497X (alk. paper) |
| 043 ## - GEOGRAPHIC AREA CODE |
| Geographic area code |
e------ |
| 050 00 - LIBRARY OF CONGRESS CALL NUMBER |
| Classification number |
N5240 .B76 1995 |
| 100 1# - MAIN ENTRY--PERSONAL NAME |
| Personal name |
Brown, Jonathan, |
| Dates associated with a name |
1939- |
| 245 10 - TITLE STATEMENT |
| Title |
Kings & connoisseurs : |
| Remainder of title |
collecting art in seventeenth-century Europe / |
| Statement of responsibility, etc. |
Jonathan Brown. |
| 246 3# - VARYING FORM OF TITLE |
| Title proper/short title |
Kings and connoisseurs |
| 260 ## - PUBLICATION, DISTRIBUTION, ETC. (IMPRINT) |
| Place of publication, distribution, etc. |
Princeton, N.J. : |
| Name of publisher, distributor, etc. |
Princeton University Press, |
| Date of publication, distribution, etc. |
c1995. |
| 300 ## - PHYSICAL DESCRIPTION |
| Extent |
264 p. : |
| Other physical details |
ill. (some col.) ; |
| Dimensions |
30 cm. |
| 440 #4 - SERIES STATEMENT/ADDED ENTRY--TITLE |
| Title |
The A.W. Mellon lectures in the fine arts ; |
| Volume/sequential designation |
1994 |
| 490 1# - SERIES STATEMENT |
| Series statement |
Bollingen series ; |
| Volume/sequential designation |
XXXV, 43 |
| 504 ## - BIBLIOGRAPHY, ETC. NOTE |
| Bibliography, etc |
Includes bibliographical references (p. 257-260) and index. |
| 650 #0 - SUBJECT ADDED ENTRY--TOPICAL TERM |
| Topical term or geographic name as entry element |
Painting |
| General subdivision |
Collectors and collecting |
| Geographic subdivision |
Europe |
| General subdivision |
History |
| Chronological subdivision |
17th century. |
| 650 #0 - SUBJECT ADDED ENTRY--TOPICAL TERM |
| Topical term or geographic name as entry element |
Painting |
| General subdivision |
Private collections |
| Geographic subdivision |
Europe |
| General subdivision |
History |
| Chronological subdivision |
17th century. |
| 830 #0 - SERIES ADDED ENTRY--UNIFORM TITLE |
| Uniform title |
Bollingen series ; |
| Volume number/sequential designation |
35, 43. |
| 856 41 - ELECTRONIC LOCATION AND ACCESS |
| Materials specified |
Table of contents |
| Uniform Resource Identifier |
<a href="http://www.loc.gov/catdir/toc/prin031/95010548.html">http://www.loc.gov/catdir/toc/prin031/95010548.html</a> |
| 856 42 - ELECTRONIC LOCATION AND ACCESS |
| Materials specified |
Publisher description |
| Uniform Resource Identifier |
<a href="http://www.loc.gov/catdir/description/prin021/95010548.html">http://www.loc.gov/catdir/description/prin021/95010548.html</a> |
| 942 ## - ADDED ENTRY ELEMENTS (KOHA) |
| Source of classification or shelving scheme |
|
| Koha item type |
Hard Covered Materials |